000 00321nam a2200133Ia 4500
008 220217s9999||||xx |||||||||||||| ||und||
082 _a511.5 CHA
100 _aD.S.C
245 0 _aGraph theory & Combinetrics
250 _a3rd
260 _aPrism book
_bNew Delhi
_c2007
300 _b295
650 _aMATHEMATICS
999 _c175771
_d175771